|
|
|
|
| LEADER |
00857nam a22002171 4500 |
| 001 |
c000202814 |
| 003 |
CARM |
| 005 |
20021125002000.0 |
| 008 |
851113s1976 vra 0 eng d |
| 019 |
1 |
|
|a 4128649
|5 LACONCORD2021
|
| 035 |
|
|
|a (OCoLC)218914399
|5 LACONCORD2021
|
| 042 |
|
|
|a anuc
|
| 043 |
|
|
|a u-at---
|
| 245 |
0 |
0 |
|a Scientists salaries throughout Australia, december 1976 :
|b Association of Professional Scientists of Australia.
|
| 260 |
|
|
|a Melbourne :
|b Association of Professional Scientists of Australia,
|c 1976.
|
| 300 |
|
|
|a 16 p.
|
| 650 |
|
0 |
|a Scientists
|x Salaries, etc.
|z Australia.
|
| 852 |
8 |
|
|b CARM
|h A2:AO17G0
|i C08274
|p 0301005
|f BK
|
| 082 |
0 |
4 |
|a 331.20415
|
| 999 |
f |
f |
|i 510bd181-6043-5f25-bee7-53b2012139cd
|s 02b6815b-d2b6-58e5-9e75-ed431f59ceb8
|
| 952 |
f |
f |
|p Can circulate
|a CAVAL
|b CAVAL
|c CAVAL
|d CARM 1 Store
|e C08274
|f A2:AO17G0
|h Other scheme
|i book
|m 0301005
|